[Event "Bydgoszcz PGNiG Rapid"]
[Site "Bydgoszcz"]
[Date "2021.09.18"]
[Round "4"]
[White "Smagalski, Jaroslaw"]
[Black "Koc, Przemyslaw"]
[Result "1-0"]
[WhiteElo "1850"]
[BlackElo "2346"]
[PlyCount "85"]
[EventDate "2021.09.18"]
[EventType "swiss (rapid)"]
[EventRounds "9"]
[EventCountry "POL"]
[SourceTitle "CBM 204 Extra"]
[Source "ChessBase"]
[SourceDate "2021.11.30"]
[SourceVersion "1"]
[SourceVersionDate "2021.11.30"]
[SourceQuality "1"]

1. e4 c5 2. Nc3 a6 3. f4 b5 4. d3 Bb7 5. g3 d5 6. Bg2 d4 7. Nce2 Nc6 8. Nf3 e6 9. 0-0 Nf6 10. h3 Be7 11. a3 Qc7 12. Bd2 Nd7 13. Qe1 a5 14. g4 h5 15. g5 g6 16. h4 f5 17. exf5 exf5 18. c3 0-0 19. cxd4 cxd4 20. Rc1 Bc5 21. b4 axb4 22. axb4 Bb6 23. Ne5 Ndxe5 24. fxe5 Qd7 25. Nf4 Kh7 26. Nd5 Bd8 27. e6 Qg7 28. Nf6+ Bxf6 29. gxf6 Qc7 30. Bf4 Qb6 31. Qg3 Rxf6 32. Qg5 Rxe6 33. Qh6+ Kg8 34. Bd5 Ne7 35. Be5 Kf7 36. Qg7+ Ke8 37. Bxe6 Qxe6 38. Bf6 Ra2 39. Rfe1 Rg2+ 40. Kf1 Be4 41. Bxe7 Qa2 42. Qf8+ Kd7 43. Qd8+ 1-0

[Event "POL-chT 2nd League"]
[Site "Sypniewo"]
[Date "2021.09.12"]
[Round "9.6"]
[White "Borowski, Przemyslaw"]
[Black "Smagalski, Jaroslaw"]
[Result "1/2-1/2"]
[WhiteElo "1863"]
[BlackElo "1850"]
[PlyCount "83"]
[EventDate "2021.09.04"]
[EventType "team-swiss"]
[EventRounds "9"]
[EventCountry "POL"]
[SourceTitle "CBM 204 Extra"]
[Source "ChessBase"]
[SourceDate "2021.11.30"]
[SourceVersion "1"]
[SourceVersionDate "2021.11.30"]
[SourceQuality "1"]
[WhiteTeam "Zarow Goniec"]
[BlackTeam "Konin Hetman"]
[WhiteTeamCountry "POL"]
[BlackTeamCountry "POL"]

1. d4 Nf6 2. Bg5 d5 3. Bxf6 exf6 4. e3 a6 5. Bd3 Nc6 6. c3 Be6 7. Nd2 Qd7 8. Ne2 Bf5 9. e4 dxe4 10. Nxe4 Bxe4 11. Bxe4 f5 12. Bd3 g6 13. Qc2 0-0-0 14. b4 f4 15. b5 axb5 16. Bxb5 Qd5 17. Rb1 f3 18. gxf3 Qxf3 19. Rg1 Bh6 20. Qa4 Rhe8 21. Qa8+ Kd7 22. Qxb7 Rxe2+ 23. Bxe2 Qxc3+ 24. Kf1 Rb8 25. Qxb8 Nxb8 26. Rg3 Qa5 27. Rxb8 Qxa2 28. Rh8 Bf4 29. Rf3 Qb1+ 30. Kg2 g5 31. Bd3 Qb7 32. Rxh7 Qd5 33. h3 Ke8 34. Bc2 f5 35. Bb3 Qe4 36. Rg7 Qxd4 37. Rf7 Qe4 38. Rf6 Kd7 39. Be6+ Ke7 40. Bxf5 Qxf3+ 41. Kxf3 Kxf6 42. Ke4 1/2-1/2

[Event "POL-chT 2nd League"]
[Site "Sypniewo"]
[Date "2021.09.08"]
[Round "5.6"]
[White "Gawor, Jan Pawel"]
[Black "Smagalski, Jaroslaw"]
[Result "0-1"]
[WhiteElo "1890"]
[BlackElo "1850"]
[PlyCount "114"]
[EventDate "2021.09.04"]
[EventType "team-swiss"]
[EventRounds "9"]
[EventCountry "POL"]
[SourceTitle "CBM 204 Extra"]
[Source "ChessBase"]
[SourceDate "2021.11.30"]
[SourceVersion "1"]
[SourceVersionDate "2021.11.30"]
[SourceQuality "1"]
[WhiteTeam "Wieliczka MKS MOS"]
[BlackTeam "Konin Hetman"]
[WhiteTeamCountry "POL"]
[BlackTeamCountry "POL"]

1. e4 Nc6 2. Nf3 d6 3. d4 g6 4. Nc3 Bg7 5. Be3 Nf6 6. h3 0-0 7. Qd2 a6 8. Bh6 d5 9. Bxg7 Kxg7 10. exd5 Nxd5 11. 0-0-0 b5 12. Be2 Bb7 13. h4 h6 14. h5 Rh8 15. hxg6 fxg6 16. Nh4 e6 17. Bd3 Nce7 18. Ne4 Bc8 19. Nc5 Nf6 20. Rde1 Qd5 21. Kb1 Qd6 22. g4 Nfd5 23. Be4 Rb8 24. Ng2 Nb6 25. f4 Nc4 26. Qd3 e5 27. fxe5 Nxe5 28. dxe5 Qxc5 29. Nf4 Rb6 30. e6 Rd6 31. Qb3 Qc4 32. Qxc4 bxc4 33. Bf3 Rf8 34. Nd5 Nxd5 35. e7 Re8 36. Bxd5 Rxd5 37. Re4 Rd7 38. Rhe1 Bb7 39. R4e3 Bd5 40. a3 c6 41. R1e2 Rd6 42. Re1 Rf6 43. Kc1 Kf7 44. g5 hxg5 45. Rh3 g4 46. Rh4 g3 47. Re2 g2 48. Rxg2 Bxg2 49. b4 c3 50. Kd1 Bf3+ 51. Ke1 Rxe7+ 52. Kf2 Bd5+ 53. Kg3 Rf3+ 54. Kh2 Re2+ 55. Kg1 Re1+ 56. Kh2 Rf2+ 57. Kg3 Rg2+ 0-1

[Event "POL Cup op blitz"]
[Site "Lodz"]
[Date "2021.08.08"]
[Round "6"]
[White "Kubicka, Anna"]
[Black "Smagalski, Jaroslaw"]
[Result "1/2-1/2"]
[WhiteElo "2192"]
[BlackElo "1850"]
[PlyCount "78"]
[EventDate "2021.08.08"]
[EventType "swiss (blitz)"]
[EventRounds "13"]
[EventCountry "POL"]
[SourceTitle "CBM 203 Extra"]
[Source "ChessBase"]
[SourceDate "2021.09.30"]
[SourceVersion "1"]
[SourceVersionDate "2021.09.30"]
[SourceQuality "1"]

1. e4 Nc6 2. d4 d5 3. e5 Bf5 4. Nf3 Qd7 5. Be2 f6 6. 0-0 0-0-0 7. Nbd2 h5 8. Nb3 e6 9. exf6 gxf6 10. c4 h4 11. h3 Nh6 12. cxd5 exd5 13. Bb5 Bxh3 14. Bxc6 bxc6 15. Qd3 Qg4 16. Ne1 Rg8 17. Na5 Kd7 18. Qa6 Qe6 19. Bxh6 Bxh6 20. Nb7 Rxg2+ 21. Nxg2 Qg4 22. Nc5+ Ke7 23. Rfe1+ Kf7 24. Qf1 Rg8 25. f3 Qg3 26. Qf2 Qxg2+ 27. Qxg2 Rxg2+ 28. Kh1 Bf4 29. Nd3 Bg3 30. Red1 Rh2+ 31. Kg1 Bg2 32. Ne1 h3 33. Nxg2 Rxg2+ 34. Kh1 Rh2+ 35. Kg1 Rg2+ 36. Kf1 Rf2+ 37. Kg1 Rg2+ 38. Kh1 Rh2+ 39. Kg1 Rg2+ 1/2-1/2

[Event "POL-chT 2nd League"]
[Site "Szczyrk"]
[Date "2014.09.09"]
[Round "4.77"]
[White "Ciemniak, Krzysztof"]
[Black "Smagalski, Jaroslaw"]
[Result "0-1"]
[WhiteElo "1979"]
[BlackElo "1908"]
[PlyCount "66"]
[EventDate "2014.09.06"]
[EventType "team-swiss"]
[EventRounds "9"]
[EventCountry "POL"]
[SourceTitle "EXT 2015"]
[Source "ChessBase"]
[SourceDate "2014.11.20"]
[SourceVersion "1"]
[SourceVersionDate "2014.11.20"]
[SourceQuality "1"]
[WhiteTeam "Bydgoszcz Wiartrak"]
[BlackTeam "Konin Hetman"]
[WhiteTeamCountry "POL"]
[BlackTeamCountry "POL"]

1. e4 Nc6 2. Nc3 d6 3. d4 Nf6 4. Nf3 Bg4 5. Be2 e6 6. d5 Bxf3 7. Bxf3 Ne5 8. dxe6 fxe6 9. Be2 Be7 10. 0-0 Qd7 11. f4 Nc6 12. Bf3 0-0 13. Be3 Rad8 14. Qe2 h6 15. Rad1 Kh8 16. e5 Ng8 17. Ne4 d5 18. Nc5 Bxc5 19. Bxc5 Rxf4 20. Bh5 Rxf1+ 21. Rxf1 g6 22. Bf8 Nd4 23. Qd3 Nf5 24. Be2 Rxf8 25. g4 Qe7 26. gxf5 Rxf5 27. Rxf5 exf5 28. Kh1 Qxe5 29. Bf3 Nf6 30. Qa3 Qd6 31. Qb3 b5 32. Qe3 f4 33. Qd2 c5 0-1

[Event "POL-chT IV GrB"]
[Site "Konin"]
[Date "2011.01.23"]
[Round "1"]
[White "Struglinski, Zenon"]
[Black "Smagalski, Jaroslaw"]
[Result "1/2-1/2"]
[WhiteElo "1644"]
[BlackElo "1934"]
[PlyCount "51"]
[EventDate "2011.01.23"]
[EventType "team-tourn"]
[EventRounds "9"]
[EventCountry "POL"]
[SourceTitle "EXT 2019"]
[Source "ChessBase"]
[SourceDate "2018.10.10"]
[SourceVersion "1"]
[SourceVersionDate "2018.10.10"]
[SourceQuality "1"]
[WhiteTeam "Konin Hetman III"]
[BlackTeam "Konin Hetman II"]
[WhiteTeamCountry "POL"]
[BlackTeamCountry "POL"]

1. e4 e5 2. Nf3 Nc6 3. Bb5 a6 4. Ba4 b5 5. Bb3 h6 6. c3 Nf6 7. 0-0 Be7 8. Re1 0-0 9. d4 d6 10. h3 Bb7 11. Nbd2 exd4 12. cxd4 Na5 13. Bc2 Nc4 14. Nf1 c5 15. d5 Nd7 16. Ng3 Bf6 17. Rb1 Bc8 18. b3 Nce5 19. Nh2 c4 20. f4 cxb3 21. Bxb3 Ng6 22. Be3 Bh4 23. Qf3 Nc5 24. Bc2 Na4 25. Bxa4 bxa4 26. Rec1 1/2-1/2

[Event "POL-chT 2nd League"]
[Site "Lublin"]
[Date "2006.09.03"]
[Round "2.83"]
[White "Sobczak, Miroslaw"]
[Black "Smagalski, Jaroslaw"]
[Result "1-0"]
[WhiteElo "2107"]
[BlackElo "1975"]
[PlyCount "52"]
[EventDate "2006.09.02"]
[EventType "team-swiss"]
[EventRounds "9"]
[EventCountry "POL"]
[SourceTitle "EXT 2019"]
[Source "ChessBase"]
[SourceDate "2018.10.10"]
[SourceVersion "1"]
[SourceVersionDate "2018.10.10"]
[SourceQuality "1"]
[WhiteTeam "Gniezno LKS Chrobry"]
[BlackTeam "Konin Hetman"]
[WhiteTeamCountry "POL"]
[BlackTeamCountry "POL"]

1. e4 e5 2. Nf3 Nc6 3. d4 exd4 4. Bc4 Bc5 5. c3 d6 6. cxd4 Bb6 7. h3 h6 8. 0-0 Nf6 9. Re1 0-0 10. Nc3 a6 11. Bb3 Ba5 12. Bc2 b5 13. a3 Bxc3 14. bxc3 Bb7 15. Be3 Na5 16. Nd2 Re8 17. f3 Qd7 18. Bd3 Re7 19. Qc2 Qe8 20. Bf2 Nh5 21. Rab1 Nf4 22. Bf1 d5 23. e5 Nc4 24. g3 Nxa3 25. Qf5 Nxb1 26. Rxb1 Ne6 1-0

[Event "Chojnice op-B 2nd"]
[Site "Chojnice"]
[Date "2006.??.??"]
[Round "5"]
[White "Krauze, Hubert"]
[Black "Smagalski, Jaroslaw"]
[Result "1-0"]
[WhiteElo "1915"]
[BlackElo "1975"]
[PlyCount "62"]
[EventDate "2006.07.??"]
[EventType "swiss"]
[EventRounds "9"]
[EventCountry "POL"]
[SourceTitle "EXT 2007"]
[Source "ChessBase"]
[SourceDate "2006.11.23"]
[SourceVersion "1"]
[SourceVersionDate "2006.11.23"]
[SourceQuality "1"]

1. d4 Nf6 2. c4 e6 3. Nf3 b6 4. a3 Bb7 5. Nc3 Be7 6. d5 d6 7. e4 e5 8. Bd3 a5 9. Rb1 0-0 10. 0-0 Nbd7 11. b4 axb4 12. axb4 h6 13. Ne1 Nh7 14. g3 Bf6 15. Ne2 g5 16. f4 gxf4 17. gxf4 Kh8 18. Ng3 exf4 19. Bxf4 Bg5 20. Bxg5 Qxg5 21. Nf3 Qg4 22. e5 dxe5 23. Bf5 Qg7 24. Bxd7 f5 25. Nxe5 Qxe5 26. Bxf5 Ra2 27. Bxh7 Qe3+ 28. Kh1 Rff2 29. Qh5 Kxh7 30. Rbe1 Rxf1+ 31. Rxf1 Rf2 1-0

[Event "Chojnice op-B 2nd"]
[Site "Chojnice"]
[Date "2006.??.??"]
[Round "6"]
[White "Smagalski, Jaroslaw"]
[Black "Czapski, Remigiusz"]
[Result "1-0"]
[WhiteElo "1975"]
[BlackElo "1817"]
[PlyCount "69"]
[EventDate "2006.07.??"]
[EventType "swiss"]
[EventRounds "9"]
[EventCountry "POL"]
[SourceTitle "EXT 2007"]
[Source "ChessBase"]
[SourceDate "2006.11.23"]
[SourceVersion "1"]
[SourceVersionDate "2006.11.23"]
[SourceQuality "1"]

1. Nf3 Nf6 2. c4 g6 3. g3 Bg7 4. Nc3 0-0 5. Bg2 c6 6. 0-0 Qc7 7. e4 e5 8. b4 d6 9. Bb2 Nbd7 10. Rc1 Nh5 11. Nh4 Bf6 12. Nf5 Nb6 13. Ne3 Bg5 14. Ne2 Ng7 15. d4 f5 16. f4 exf4 17. gxf4 Bh6 18. c5 Nd7 19. Qb3+ Kh8 20. exf5 gxf5 21. d5 dxc5 22. bxc5 cxd5 23. Nxd5 Qa5 24. Ne7 Qd8 25. Nd5 Qa5 26. Qh3 Qd2 27. Ba1 Qxe2 28. Qxh6 Qg4 29. Ne7 Rf7 30. h3 Qe2 31. Rce1 Qa6 32. Re6 Qb5 33. Ng6+ Kg8 34. Re8+ Nf8 35. Rxf8+ 1-0

[Event "Chojnice op-B 2nd"]
[Site "Chojnice"]
[Date "2006.??.??"]
[Round "4"]
[White "Smagalski, Jaroslaw"]
[Black "Wodzynski, Mieszko"]
[Result "1-0"]
[WhiteElo "1975"]
[BlackElo "1800"]
[PlyCount "48"]
[EventDate "2006.07.??"]
[EventType "swiss"]
[EventRounds "9"]
[EventCountry "POL"]
[SourceTitle "EXT 2007"]
[Source "ChessBase"]
[SourceDate "2006.11.23"]
[SourceVersion "1"]
[SourceVersionDate "2006.11.23"]
[SourceQuality "1"]

1. e4 e5 2. Nf3 Nc6 3. Bc4 Bc5 4. 0-0 d6 5. h3 Nf6 6. d3 Be6 7. Bb3 Na5 8. Be3 Nxb3 9. axb3 Bb6 10. Nc3 c6 11. Qe2 0-0 12. Nh2 d5 13. exd5 cxd5 14. Bxb6 Qxb6 15. Qxe5 Rfe8 16. Qg3 Rac8 17. Rac1 Rc6 18. Nf3 Nh5 19. Qh4 Bxh3 20. Nxd5 Qc5 21. Qxh5 Bxg2 22. Nf6+ gxf6 23. Qxc5 Rxc5 24. Kxg2 Kh8 1-0

[Event "Krakow op-B"]
[Site "Krakow"]
[Date "2005.12.31"]
[Round "6"]
[White "Krajewicz, Pawel"]
[Black "Smagalski, Jaroslaw"]
[Result "1-0"]
[WhiteElo "1980"]
[BlackElo "1926"]
[PlyCount "45"]
[EventDate "2005.12.27"]
[EventType "swiss"]
[EventRounds "9"]
[EventCountry "POL"]
[SourceTitle "CBM 110 Extra"]
[Source "ChessBase"]
[SourceDate "2006.03.10"]
[SourceVersion "2"]
[SourceVersionDate "2006.03.10"]
[SourceQuality "1"]

1. d4 Nf6 2. Nf3 e6 3. c4 b6 4. a3 d5 5. cxd5 exd5 6. Nc3 Be7 7. Qa4+ c6 8. Bf4 b5 9. Qc2 0-0 10. e3 Nbd7 11. Bd3 Nb6 12. Ne5 Bb7 13. g4 h6 14. h4 Ne4 15. g5 c5 16. gxh6 Nd7 17. Rg1 Nxe5 18. Rxg7+ Kh8 19. Bxe5 f6 20. Bxe4 fxe5 21. Bxd5 e4 22. Qxe4 Bxd5 23. Qh7# 1-0

[Event "POL-chT 2nd League"]
[Site "Polanica Zdroj"]
[Date "2004.09.11"]
[Round "10.97"]
[White "Bakalarz, Leszek"]
[Black "Smagalski, Jaroslaw"]
[Result "0-1"]
[WhiteElo "2172"]
[BlackElo "1933"]
[PlyCount "42"]
[EventDate "2004.09.04"]
[EventType "team-swiss"]
[EventRounds "11"]
[EventCountry "POL"]
[SourceTitle "EXT 2019"]
[Source "ChessBase"]
[SourceDate "2018.10.10"]
[SourceVersion "1"]
[SourceVersionDate "2018.10.10"]
[SourceQuality "1"]
[WhiteTeam "Kielce Fart"]
[BlackTeam "Konin Hetman"]
[WhiteTeamCountry "POL"]
[BlackTeamCountry "POL"]

1. e4 e5 2. Nf3 Nc6 3. Bb5 a6 4. Ba4 Nf6 5. 0-0 Be7 6. Re1 b5 7. Bb3 0-0 8. c3 d5 9. exd5 Nxd5 10. Nxe5 Nxe5 11. Rxe5 Nf6 12. d4 Bd6 13. Re1 Ng4 14. h3 Qh4 15. Qf3 Nxf2 16. Bd2 Bb7 17. Qxf2 Bh2+ 18. Kf1 Bg3 19. Qf5 g6 20. Bg5 Qh5 21. Bd1 Rae8 0-1

[Event "POL-chT 2nd League"]
[Site "Polanica Zdroj"]
[Date "2004.09.06"]
[Round "3"]
[White "Protaziuk, Grzegorz"]
[Black "Smagalski, Jaroslaw"]
[Result "1-0"]
[WhiteElo "2356"]
[BlackElo "1933"]
[PlyCount "61"]
[EventDate "2004.09.04"]
[EventType "team-swiss"]
[EventRounds "11"]
[EventCountry "POL"]
[SourceTitle "CBM 102 Extra"]
[Source "ChessBase"]
[SourceDate "2004.11.03"]
[SourceVersion "1"]
[SourceVersionDate "2004.11.03"]
[SourceQuality "1"]
[WhiteTeam "Miedzyborow Wrzos"]
[BlackTeam "Konin Hetman"]
[WhiteTeamCountry "POL"]
[BlackTeamCountry "POL"]

1. e4 e5 2. Nf3 Nc6 3. d4 exd4 4. Bc4 Bc5 5. c3 d6 6. cxd4 Bb6 7. h3 h6 8. 0-0 Nf6 9. Nc3 0-0 10. Re1 Ba5 11. Bd3 a6 12. a3 b5 13. Bf4 Bb7 14. Rc1 Ne7 15. b4 Bb6 16. Bb1 Rc8 17. Qc2 Ng6 18. Bh2 Re8 19. Rcd1 a5 20. e5 Nd5 21. e6 Nf8 22. exf7+ Kxf7 23. Nxd5 Bxd5 24. Qf5+ Qf6 25. Qxd5+ Ne6 26. Ba2 axb4 27. axb4 g5 28. Re3 c5 29. dxc5 dxc5 30. Qd7+ Re7 31. Qxc8 1-0